000 00283nam a2200121 a 4500
008 100920s1977|||| d
245 1 0 _aLáska Jeanny Neuillovej
100 1 _aErenburg, Iľja
260 _bSmena
_aBratislava
_c1977
020 _c20
044 _axo
_cSK
041 _aslo
999 _c10528
_d10528